| 000 | 01412cam a22004214a 4500 | ||
|---|---|---|---|
| 999 |
_c50408 _d50408 |
||
| 001 | 14062194 | ||
| 003 | GE_BSU | ||
| 005 | 20200217152140.0 | ||
| 008 | 050803s2006 paua b 001 0 eng | ||
| 010 | _a 2005051656 | ||
| 020 | _a1416029745 | ||
| 035 | _a(DNLM)101254462 | ||
| 040 |
_aDNLM/DLC _cDLC _dDLC |
||
| 041 | _aeng | ||
| 042 | _apcc | ||
| 050 | 0 | 0 |
_aQR181 _b.A28 2006 |
| 060 | 1 | 0 |
_aQW 504 _bA122b 2006 |
| 080 | _a616-097 A-12 | ||
| 082 | 0 | 0 |
_a616.07/9 _222 |
| 100 | 1 |
_aAbbas, Abul K. _97106 |
|
| 245 | 1 | 0 |
_aBasic immunology / _b _cAbul K. Abbas. |
| 250 | _a2nd ed., updated ed. 2006-2007. | ||
| 260 |
_aPhiladelphia, PA : _bElsevier Saunders, _cc2006. |
||
| 300 |
_aix, 324 p. : _bcol. ill. ; _c24 cm. |
||
| 504 | _aIncludes bibliographical references (p. 225-229) and index. | ||
| 650 | 0 |
_aImmunology. _97107 |
|
| 650 | 0 |
_aImmunity. _97108 |
|
| 650 | 1 | 2 |
_aImmunity. _97108 |
| 650 | 2 | 2 |
_aHypersensitivity. _97109 |
| 650 | 2 | 2 |
_aImmune System _xphysiology. _97110 |
| 650 | 2 | 2 |
_aImmunologic Deficiency Syndromes. _97111 |
| 653 | _aიმუნოლოგია | ||
| 700 | 1 |
_aLichtman, Andrew H. _97112 |
|
| 856 | 4 | 1 |
_3Table of contents _uhttp://www.loc.gov/catdir/toc/fy0604/2005051656.html |
| 906 |
_a7 _bcbc _corignew _d1 _eocip _f20 _gy-gencatlg |
||
| 942 |
_2udc _cBK |
||
| 955 |
_apc17 2005-08-03 to NLM _aaa07 2005-08-19 _aps09 2006-02-13 1 copy rec'd., to CIP ver. _ajb00 2006-02-16 |
||